Trzyliterowe odpowiedzi #1 - Statystyki

Ogólne statystyki
  • Ten quiz został rozwiązany 190 razy
    43 od ostatniego zresetowania
  • Średni wynik to 15 z 24
Statystyki odpowiedzi
Wskazówka Odpowiedź % Poprawnych
Można znaleźć tam grzyby i inne rośliny Las
98%
Dziecko, ale nie córka Syn
95%
Przeciwieństwo dobra Zło
95%
Najmniejsza liczba pierwsza Dwa
93%
Waluta Japonii Jen
90%
Pierwiastek o symbolu Ra Rad
90%
Znak zodiaku Rak
90%
Znak zodiaku Byk
83%
Aktor grający rolę księdza i sołtysa w serialu "Ranczo" Cezary {Żak}
83%
Znak zodiaku Lew
83%
Druga osoba w Biblii Ewa
80%
1/8 bajtu Bit
78%
Raper który stworzył "Gangnam Style" Psy
78%
Najbardziej zaludnione miasto w Polsce Ełk
65%
Najczęstsze nazwisko w Korei Południowej Kim
58%
Często przedstawiany z Kupidynem Łuk
58%
Odgłos ducha Buu
53%
Nazwa słońca po hiszpańsku Sol
53%
Grecki bóg o kozich nogach Pan
28%
Attyla był jednym Hun
25%
Rzeka po hiszpańsku Río
23%
Film z Willem Ferrellem Elf
18%
Dominująca grupa etniczna w Chinach Han
18%
Olbrzymi wymarły ptak Nowej Zelandii Moa
10%
Nie znaleziono quizów pasujących do podanych kryteriów
Rozkład punktacji
Procent ludzi z każdym wynikiem
Percentyl według liczby udzielonych odpowiedzi
Twoja historia wyników
Nie rozwiązałeś tego quizu od ostatniego zresetowania